|
|
|
|
| LEADER |
00561nam a2200157Ia 4500 |
| 001 |
2643 |
| 008 |
170722s9999 xx 000 0 und d |
| 100 |
|
|
|a Babu, N.
|
| 245 |
|
|
|a Charithra shilpikal. /
|
| 250 |
|
|
|a x
|
| 260 |
|
|
|c 1994
|
| 300 |
|
|
|a xvii, 193
|c 20 cm.
|
| 942 |
|
|
|c GEN
|
| 999 |
|
|
|c 28113
|d 28113
|
| 952 |
|
|
|0 0
|1 0
|4 0
|6 W_1M_32N4N41GB
|7 0
|8 GB
|9 32805
|a LIB
|b LIB
|d 2017-08-12
|o w1,M 32N4-N4;1(GB)
|p 219722
|r 2017-08-12
|v 0.00
|w 2017-08-12
|y GEN
|
| 952 |
|
|
|0 0
|1 0
|4 0
|6 W_1M_32N4N41GB
|7 0
|8 CR
|9 32806
|a LIB
|b LIB
|d 2017-08-12
|o w1,M 32N4-N4;1(GB)
|p 219723
|r 2017-08-12
|v 0.00
|w 2017-08-12
|y GEN
|